000 00788nam a2200277Ia 4500
003 OSt
005 20220925212558.0
006 a|||||r|||| 00| 0
007 ta
008 220923b |||||||| |||| 00| 0 eng d
020 _a004352107X
037 _cGeneral Book
040 _aRTL
_cRTL
_beng
041 _2eng
_aeng
082 _aV3,6.N8, M3
100 _aJones George
_9277019
245 0 _aCase for local goverment
260 _aLondon
_bAllen and Unwin
_c1983
300 _aviii, 168p
_ccm.
490 _aLocal Government Briefings
500 _aBibliography: P 163-64
650 _aConstitution Great Britain
_9231188
700 _a Stewart John
_9108034
942 _hV3,6.N8, M3
_cGB
_2CC
999 _c560682
_d560682